| 000 | 00369nam a2200145Ia 4500 | ||
|---|---|---|---|
| 008 | 130318s9999 xx 000 0 und d | ||
| 020 | _a8120317270 | ||
| 082 | _a004.21 RAJ/A | ||
| 100 | _aRajaraman, V | ||
| 245 | _aAnalysis and design of information systems | ||
| 250 | _a2 | ||
| 260 |
_bPHI Learning _aNew Delhi _c2001 |
||
| 300 | _a292 | ||
| 650 | _aINFORMATION SYSTEMS | ||
| 999 |
_c272 _d272 |
||